|
|
|
|
| LEADER |
00948nam a22002657a 4500 |
| 001 |
11773 |
| 003 |
BD-DhAAL |
| 005 |
20171127131628.0 |
| 008 |
171127s1996 gw a|||| b||| 00| 0 eng d |
| 999 |
|
|
|c 38651
|d 38651
|
| 020 |
|
|
|a 3822896594
|
| 040 |
|
|
|a BD-DhAAL
|
| 082 |
|
|
|2 23
|a 707.94
|
| 100 |
|
|
|a Oursel, Raymond
|9 23986
|
| 245 |
|
|
|a Romanesque /
|c Raymond Oursel, Henri Stierlin (Ed.)
|
| 260 |
|
|
|a Lausanne, Germany :
|b Benedikt Taschen,
|c [1996]
|
| 300 |
|
|
|a 192 pages ;
|b illustrations ;
|c 21 cm
|
| 490 |
|
|
|a Architecture of the world,
|v 13
|
| 526 |
|
|
|a AAL
|
| 541 |
|
|
|a Complementary copy
|e 11773
|
| 650 |
|
|
|a Architecture, Romanesque
|z Europe.
|9 23987
|
| 700 |
|
|
|a Stierlin, Henri
|9 23988
|
| 852 |
|
|
|a Ayesha Abed Library
|c General Stacks
|
| 942 |
|
|
|2 ddc
|c BK
|
| 952 |
|
|
|0 0
|1 0
|2 ddc
|4 0
|6 707_940000000000000_ROM
|7 0
|9 61993
|a BRACUL
|b BRACUL
|c GEN
|d 2017-11-27
|e Complementary copy
|l 2
|m 3
|o 707.94 ROM
|p 3010011773
|r 2026-01-28
|s 2024-01-23
|t 1
|w 2017-11-27
|y BK
|